Т. 2. Хрупкое разрушение материалов с начальными напряжениями; Неклассические проблемы механики разрушения

Detalles Bibliográficos
Parent link:Неклассические проблемы механики разрушения: в четырех томах/ Академия наук Украинской ССР (АН УССР), Институт механики ; под ред. А. Н. Гузя. Т. 2. Хрупкое разрушение материалов с начальными напряжениями.— , 1990-.— 5-12-001572-7
Idioma:ruso
Publicado: 1991
Subjects:
Formato: MixedMaterials Libro
KOHA link:https://koha.lib.tpu.ru/cgi-bin/koha/opac-detail.pl?biblionumber=130745

MARC

LEADER 00000nam2a2200000 4500
001 130745
005 20231031134034.0
010 |a 5120012779 
020 |a RU  |b 91-32336 
035 |a (RuTPU)RU\TPU\book\141614 
090 |a 130745 
100 |a 20080207g1991 k a0rusy5003 ca 
101 0 |a rus 
102 |a UA 
105 |a y z 001zy 
200 0 |a Т. 2. Хрупкое разрушение материалов с начальными напряжениями 
210 |d 1991 
215 |a 287 с. 
461 1 |0 (RuTPU)RU\TPU\book\166240  |y 5-12-001572-7  |t Неклассические проблемы механики разрушения  |o в четырех томах  |f Академия наук Украинской ССР (АН УССР), Институт механики ; под ред. А. Н. Гузя  |v Т. 2. Хрупкое разрушение материалов с начальными напряжениями  |d 1990-  
610 1 |a разрушение 
610 1 |a теория 
610 1 |a механика разрушения 
675 |a 539.375  |v 3 
801 0 |a RU  |b RuMRKP  |c 19960705  |g psbo 
801 1 |a RU  |b 63413507  |c 20080207  |g PSBO 
801 2 |a RU  |b 63413507  |c 20090210  |g PSBO 
942 |c BK